[Event "SVK 3.liga A2"]
[Site "?"]
[Date "2020.02.02"]
[Round "8.4"]
[White "Spacek, Oliver"]
[Black "Nemsak, Denis"]
[Result "1-0"]
[WhiteElo "2218"]
[BlackElo "2066"]
[PlyCount "89"]
[EventDate "2019.10.06"]

1. d4 f5 2. c4 Nf6 3. Nc3 d6 4. g3 g6 5. Bg2 Bg7 6. Nh3 c6 7. O-O O-O 8. d5 Qe8
9. Be3 Na6 10. Rc1 Bd7 11. b3 h6 12. Qd2 Kh7 13. f3 Nc7 14. Nf2 Qf7 15. f4 c5
16. Qd3 b5 17. Rce1 Rab8 18. Bc1 bxc4 19. bxc4 Bc8 20. h3 Ba6 21. a4 Rb4 22.
Nb5 Na8 23. g4 Nd7 24. gxf5 gxf5 25. e4 Rxa4 26. exf5 Bf6 27. Bb2 Nab6 28. Bxf6
Nxf6 29. Ne4 Bxb5 30. cxb5 Rd4 31. Nxf6+ exf6 32. Qf3 Nxd5 33. Rd1 Rg8 34. Kh1
Nxf4 35. Rxd4 Nxg2 36. Rg4 Rxg4 37. hxg4 Nh4 38. Qg3 Qd5+ 39. Kg1 Qd4+ 40. Rf2
Qa1+ 41. Kh2 Qe5 42. Qxe5 fxe5 43. Kh3 d5 44. Kxh4 c4 45. Ra2 1-0

[Event "SVK 3.liga A2"]
[Site "?"]
[Date "2020.02.02"]
[Round "8.4"]
[White "Brunovsky, Peter"]
[Black "Ocko, Martin"]
[Result "0-1"]
[WhiteElo "1910"]
[BlackElo "2058"]
[PlyCount "112"]
[EventDate "2019.10.06"]

1. d4 Nf6 2. Nf3 g6 3. Bf4 d5 4. Nbd2 Bg7 5. c3 O-O 6. h3 b6 7. e3 Bb7 8. Bd3
Nbd7 9. Bh2 Re8 10. O-O Ne4 11. Qc2 Nxd2 12. Qxd2 e5 13. Be2 Rc8 14. Rfd1 e4
15. Ne1 f5 16. Rac1 Qe7 17. Nc2 Rf8 18. c4 c6 19. cxd5 cxd5 20. Qb4 Qxb4 21.
Nxb4 a5 22. Bb5 Nb8 23. Nc2 Rfd8 24. Na1 Nc6 25. a3 Bf8 26. Nb3 Na7 27. Be2
Rxc1 28. Rxc1 Rc8 29. Rxc8 Nxc8 30. Kf1 Bd6 31. Bxd6 Nxd6 32. Nd2 Bc6 33. Ke1
g5 34. Kd1 f4 35. g3 fxg3 36. fxg3 Nf5 37. Nf1 Nd6 38. Nd2 Bd7 39. Bf1 Nf5 40.
h4 gxh4 41. gxh4 Nxe3+ 42. Kc1 Kg7 43. Ba6 Nf5 44. Bb7 Be6 45. Nf1 Kh6 46. Kd2
Kh5 47. Ne3 Nxe3 48. Kxe3 Kxh4 49. Kf4 Bg8 50. Bc8 Bf7 51. Bf5 h6 52. b4 Kh5
53. bxa5 bxa5 54. Bh7 Be6 55. Kg3 Kg5 56. Kf2 h5 0-1

[Event "SVK 3.liga A2"]
[Site "?"]
[Date "2020.02.02"]
[Round "8.4"]
[White "Pericka, Tomas"]
[Black "Kanka, Tomas"]
[Result "0-1"]
[WhiteElo "1971"]
[BlackElo "1762"]
[PlyCount "100"]
[EventDate "2019.10.06"]

1. e4 d5 2. exd5 Nf6 3. Nc3 Nxd5 4. Bc4 Nxc3 5. bxc3 e6 6. d4 c6 7. Nf3 Bd6 8.
O-O O-O 9. Bd3 h6 10. Re1 Nd7 11. Ne5 Bxe5 12. dxe5 f5 13. Re3 f4 14. Re4 Qg5
15. g3 Nxe5 16. Bxf4 Rxf4 17. Rxf4 b5 18. Be4 Bd7 19. h4 Qe7 20. Qh5 Qc5 21.
Rd1 Be8 22. Qe2 Qxc3 23. Bd3 Bf7 24. Re4 Nxd3 25. Rxd3 Qa1+ 26. Rd1 Qxa2 27.
Rd7 Rf8 28. Re5 a5 29. Rc7 Qa1+ 30. Kg2 Qc3 31. Re3 Qc5 32. Rd3 Bh5 33. Qxe6+
Kh8 34. Qe3 Qxc2 35. Rd2 Qf5 36. f4 Re8 37. Qd4 Qg4 38. Qd3 Bg6 39. Qf1 Be4+
40. Kh2 Bf5 41. Rxc6 Re3 42. Rg2 Be4 43. Qxb5 Bxg2 44. Rxh6+ gxh6 45. Qb8+ Kg7
46. Qa7+ Kg6 47. f5+ Qxf5 48. Qxe3 Qh3+ 49. Kg1 Qh1+ 50. Kf2 Qf1# 0-1

[Event "SVK 3.liga A2"]
[Site "?"]
[Date "2020.02.02"]
[Round "8.4"]
[White "Kastler, Peter"]
[Black "Pericka, Pavol"]
[Result "0-1"]
[WhiteElo "1684"]
[BlackElo "1828"]
[PlyCount "68"]
[EventDate "2019.10.06"]

1. d4 Nf6 2. c4 e5 3. dxe5 Ng4 4. Nf3 Bc5 5. e3 Nc6 6. Be2 Ngxe5 7. Nbd2 d6 8.
O-O Bf5 9. Nxe5 dxe5 10. Nb3 Be7 11. Bd2 Qd6 12. Bc3 Qg6 13. g3 h5 14. Kg2 Bc2
15. Qe1 O-O-O 16. Bd1 Bf5 17. f3 h4 18. g4 Be6 19. Be2 f5 20. h3 e4 21. f4 fxg4
22. hxg4 Bxg4 23. Bxg4+ Qxg4+ 24. Kh2 Bf6 25. Bxf6 gxf6 26. Qf2 Nb4 27. Rg1 Qe6
28. Qe2 Nd3 29. Qc2 Rdg8 30. Nd4 Qd7 31. b3 Rg3 32. f5 Rxe3 33. Ne6 Qd6+ 34.
Kg2 Qg3+ 0-1

[Event "SVK 3.liga A2"]
[Site "?"]
[Date "2020.02.02"]
[Round "8.4"]
[White "Hrdlicka, Martin"]
[Black "Zajicek, Ferdinand"]
[Result "0-1"]
[WhiteElo "1862"]
[BlackElo "1710"]
[PlyCount "66"]
[EventDate "2019.10.06"]

1. e4 c5 2. Nf3 d6 3. d4 cxd4 4. Nxd4 Bd7 5. Nc3 Nf6 6. Be2 Nc6 7. Be3 g6 8.
O-O Bg7 9. f4 O-O 10. Kh1 a6 11. g4 Bxg4 12. Bxg4 Nxg4 13. Qxg4 Nxd4 14. Rac1
f5 15. exf5 Nxf5 16. Bf2 Bxc3 17. bxc3 Qa5 18. h4 Qd5+ 19. Kh2 Nh6 20. Qe2 Rxf4
21. Bg3 Rxf1 22. Rxf1 Nf5 23. Rf3 Rc8 24. h5 Rc4 25. Rd3 Qe4 26. Qf2 Nxg3 27.
Rxg3 Qh4+ 28. Kg1 Rg4 29. Rxg4 Qxg4+ 30. Kf1 Qf5 31. hxg6 Qxf2+ 32. Kxf2 hxg6
33. Kf3 Kf7 0-1

[Event "SVK 3.liga A2"]
[Site "?"]
[Date "2020.02.02"]
[Round "8.4"]
[White "Ralbovsky, Milan"]
[Black "Ulehla, Jakub"]
[Result "0-1"]
[WhiteElo "1276"]
[BlackElo "1818"]
[PlyCount "136"]
[EventDate "2019.10.06"]

1. e4 c5 2. d3 Nc6 3. Be3 d6 4. Nf3 g6 5. Nbd2 Bg7 6. Rb1 Nf6 7. h3 Bd7 8. a3
a5 9. c4 O-O 10. Be2 Qc7 11. O-O Rab8 12. Nb3 Na7 13. Qd2 a4 14. Nc1 b5 15. Bf4
bxc4 16. dxc4 Nxe4 17. Qe3 Bc6 18. Nd3 e5 19. Bh6 f5 20. Bxg7 Kxg7 21. Ng5 Qe7
22. Nxe4 Bxe4 23. f3 Bc6 24. Bd1 Nc8 25. Bc2 Nb6 26. b3 Ra8 27. Nb2 axb3 28.
Qxb3 Rfb8 29. Qc3 Qa7 30. Ra1 Na4 31. Nxa4 Bxa4 32. Bxa4 Qxa4 33. f4 Rb3 34.
Qc1 Rxa3 35. Rb1 Qc6 36. fxe5 dxe5 37. Qg5 Ra2 38. Qe7+ Kg8 39. Rf3 Re8 40. Qg5
Qe4 41. Rbf1 f4 42. h4 Qf5 43. Qxf5 gxf5 44. g3 Kf7 45. gxf4 Rg8+ 46. Kh1 e4
47. Rh3 Rc2 48. Rd1 Rg4 49. Rd7+ Kg6 50. h5+ Kf6 51. Rxh7 Rxf4 52. Rh6+ Kf7 53.
Rg6 Rf1+ 54. Rg1 Rxg1+ 55. Kxg1 Kg7 56. h6+ Kh7 57. Rh5 f4 58. Rxc5 f3 59. Rh5
Rxc4 60. Rh4 Rc1+ 61. Kf2 Rc2+ 62. Kg3 Rg2+ 63. Kh3 e3 64. Rf4 e2 65. Rxf3 Rg1
66. Rf7+ Kxh6 67. Rf8 e1=Q 68. Rf2 Qe3+ 0-1

[Event "SVK 3.liga A2"]
[Site "?"]
[Date "2020.02.02"]
[Round "8.5"]
[White "Takacs, Laszlo"]
[Black "Vodicka, Michal"]
[Result "1-0"]
[WhiteElo "2208"]
[BlackElo "1863"]
[PlyCount "63"]
[EventDate "2019.10.06"]

1. e4 c5 2. Nf3 e6 3. d4 cxd4 4. Nxd4 Nc6 5. Nc3 Nf6 6. Nxc6 bxc6 7. e5 Nd5 8.
Ne4 Qc7 9. f4 Rb8 10. c4 Bb4+ 11. Ke2 Ba6 12. Kf3 Bb7 13. cxd5 cxd5 14. Nf2 O-O
15. Bd2 Bc5 16. Nd3 Rfc8 17. Rc1 Qb6 18. Qb3 Qxb3 19. axb3 Bb6 20. Be2 Bc6 21.
Kg3 Bd4 22. b4 f6 23. exf6 gxf6 24. Bc3 Be3 25. Bxf6 Kf7 26. Be5 Rg8+ 27. Kh3
Rbc8 28. Bd6 d4 29. Ne5+ Kf6 30. Rxc6 dxc6 31. Ng4+ Kf5 32. Bd3# 1-0

[Event "SVK 3.liga A2"]
[Site "?"]
[Date "2020.02.02"]
[Round "8.5"]
[White "Podjavorinsky, Michal"]
[Black "Cibulka, Vladimir"]
[Result "0-1"]
[WhiteElo "2003"]
[BlackElo "2151"]
[PlyCount "134"]
[EventDate "2019.10.06"]

1. e4 Nc6 2. Nc3 e6 3. d4 d5 4. e5 f6 5. exf6 Nxf6 6. Bg5 Be7 7. Nf3 Ne4 8.
Bxe7 Qxe7 9. a3 Nxc3 10. bxc3 e5 11. Nxe5 Nxe5 12. dxe5 Qxe5+ 13. Qe2 Qxe2+ 14.
Bxe2 Bf5 15. O-O-O O-O-O 16. Rhe1 Rhf8 17. f3 c6 18. Bd3 Kc7 19. Bxf5 Rxf5 20.
Re7+ Rd7 21. Rxd7+ Kxd7 22. c4 Ke6 23. cxd5+ cxd5 24. Kb2 Re5 25. Rd2 g5 26.
Kc3 Re1 27. Kb3 h5 28. a4 h4 29. c4 Re3+ 30. Kb4 dxc4 31. Kxc4 h3 32. Kc5 b6+
33. Kb5 Re5+ 34. Kc4 Ra5 35. Kb4 Rf5 36. Kc4 a6 37. gxh3 Rf4+ 38. Kb3 Rxf3+ 39.
Kc4 Ra3 40. Kb4 Rxh3 41. Rg2 Rh4+ 42. Kb3 Kf5 43. Ka3 Rf4 44. Kb3 g4 45. Rd2
Ke5 46. Re2+ Kd5 47. Rd2+ Rd4 48. Re2 a5 49. Re3 Rb4+ 50. Ka3 Rf4 51. Rd3+ Kc4
52. Rd2 Rf3+ 53. Kb2 Rh3 54. Rg2 Rh4 55. Rf2 Kd4 56. Rd2+ Ke3 57. Rc2 Kf3 58.
Kb3 Rh6 59. Rc3+ Kf2 60. Rg3 Rh3 61. Kc4 Rxg3 62. hxg3 Kxg3 63. Kb5 Kf4 64.
Kxb6 g3 65. Kxa5 g2 66. Ka6 g1=Q 67. a5 Qc5 0-1

[Event "SVK 3.liga A2"]
[Site "?"]
[Date "2020.02.02"]
[Round "8.5"]
[White "Voros, Gellert"]
[Black "Strapko, Tomas"]
[Result "1-0"]
[WhiteElo "2192"]
[BlackElo "1859"]
[PlyCount "119"]
[EventDate "2019.10.06"]

1. d4 Nf6 2. Nc3 d5 3. Bf4 Bf5 4. f3 h5 5. e3 e6 6. Bd3 c6 7. Bxf5 exf5 8. Qd3
g6 9. O-O-O Bg7 10. e4 fxe4 11. fxe4 dxe4 12. Nxe4 Nxe4 13. Qxe4+ Qe7 14. Qxe7+
Kxe7 15. Nf3 f6 16. Rhe1+ Kf7 17. Bd6 Bf8 18. Ng5+ fxg5 19. Rf1+ Ke6 20. Bxf8
Nd7 21. Rde1+ Kd5 22. Be7 Rae8 23. Bxg5 Rxe1+ 24. Rxe1 Rf8 25. Be3 Rf5 26. Kd2
b5 27. Kd3 a5 28. Bd2 c5 29. Re7 Kd6 30. Rg7 cxd4 31. Rxg6+ Kd5 32. Rg5 Nc5+
33. Ke2 Rxg5 34. Bxg5 Ke4 35. b3 a4 36. Be7 axb3 37. cxb3 d3+ 38. Kd2 Ne6 39.
a4 Nd4 40. axb5 Nxb3+ 41. Ke1 Kd5 42. h3 Nd4 43. b6 Kc6 44. Bd8 Ne6 45. Bc7
Nxc7 46. bxc7 Kxc7 47. Kd2 Kd6 48. Kxd3 Ke5 49. g3 Kf5 50. Kd4 h4 51. g4+ Kf4
52. Kd3 Kg3 53. g5 Kxh3 54. g6 Kh2 55. g7 h3 56. g8=Q Kh1 57. Qd5+ Kg1 58. Ke2
h2 59. Qd1+ Kg2 60. Qf1+ 1-0

[Event "SVK 3.liga A2"]
[Site "?"]
[Date "2020.02.02"]
[Round "8.5"]
[White "Miciak, Emanuel"]
[Black "Viczencz, Peter"]
[Result "0-1"]
[WhiteElo "1838"]
[BlackElo "2131"]
[PlyCount "106"]
[EventDate "2019.10.06"]

1. d4 c5 2. c3 e6 3. Nf3 f5 4. g3 Nf6 5. Bg2 Be7 6. O-O O-O 7. Nbd2 Nc6 8. Re1
Ne4 9. Ne5 d5 10. Ndf3 Qb6 11. Nxc6 bxc6 12. e3 cxd4 13. exd4 c5 14. Qc2 cxd4
15. cxd4 Ba6 16. Be3 Rac8 17. Qb3 Qa5 18. a3 Rb8 19. Qd1 Rxb2 20. Ne5 Bd6 21.
Qc1 Rb3 22. Qc6 Qb6 23. Rec1 Qxc6 24. Nxc6 Nc3 25. Bf1 Bxf1 26. Kxf1 f4 27.
Bxf4 Bxf4 28. gxf4 Rxf4 29. Na5 Rb5 30. Rxc3 Rxa5 31. Rb1 h6 32. Rb8+ Kh7 33.
Rb7 Rg4 34. h3 Rg6 35. Rb8 Ra4 36. Rcc8 Rf6 37. Rc7 Rxa3 38. Rbb7 Rg6 39. Rxa7
Rxh3 40. Ke2 Rh4 41. Ke3 Re4+ 42. Kd3 h5 43. Re7 h4 44. Ra8 Rf6 45. Ree8 Rf3+
46. Kc2 Rxf2+ 47. Kc3 Re3+ 48. Kb4 h3 49. Rh8+ Kg6 50. Rh4 h2 51. Rah8 Re4 52.
Rh3 Rxd4+ 53. Kc5 Rd1 0-1

[Event "SVK 3.liga A2"]
[Site "?"]
[Date "2020.02.02"]
[Round "8.5"]
[White "Bugar, Peter"]
[Black "Curidlo, Jan"]
[Result "1-0"]
[WhiteElo "2007"]
[BlackElo "1785"]
[PlyCount "63"]
[EventDate "2019.10.06"]

1. c4 Nf6 2. Nc3 e6 3. e4 d6 4. d4 c6 5. f4 Qa5 6. Bd3 c5 7. d5 a6 8. Bd2 Qc7
9. Nf3 g6 10. O-O Bg7 11. Re1 O-O 12. e5 Ne8 13. Qe2 b6 14. Rad1 Ra7 15. Kh1
Qd8 16. Ng5 Re7 17. exd6 Nxd6 18. Qf2 h6 19. Nge4 f5 20. Nxd6 Qxd6 21. Qg3 Kh7
22. Be2 e5 23. fxe5 Bxe5 24. Qh4 f4 25. Ne4 Bf6 26. Qxf6 Qxf6 27. Nxf6+ Rxf6
28. Bd3 Ref7 29. Bc3 Bg4 30. Rd2 Rd6 31. Re8 Nd7 32. Rh8# 1-0

[Event "SVK 3.liga A2"]
[Site "?"]
[Date "2020.02.02"]
[Round "8.5"]
[White "Orvisky, Vladimir"]
[Black "Matis, Tibor"]
[Result "1/2-1/2"]
[WhiteElo "1694"]
[BlackElo "1986"]
[PlyCount "89"]
[EventDate "2019.10.06"]

1. c4 Nf6 2. Nc3 g6 3. Nf3 Bg7 4. d4 c5 5. g3 O-O 6. Bg2 e6 7. O-O d5 8. Bf4
Nc6 9. dxc5 dxc4 10. Bd6 Ne7 11. Nd2 Nfd5 12. Nxc4 Nxc3 13. bxc3 Re8 14. Qd3
Nd5 15. Rac1 Bd7 16. Ne3 Nxe3 17. Qxe3 Bc6 18. Bxc6 bxc6 19. Rb1 Qa5 20. Rb7
Qxc3 21. Qxc3 Bxc3 22. Rfb1 a5 23. R1b3 Bd4 24. e3 Bg7 25. R3b6 Rec8 26. Rd7
Rd8 27. Rc7 Bf8 28. Rbxc6 Bxd6 29. cxd6 Rab8 30. d7 Rb1+ 31. Kg2 Rd1 32. Ra6
R1xd7 33. Rxd7 Rxd7 34. Rxa5 Rd2 35. a4 Ra2 36. Ra8+ Kg7 37. a5 Kf6 38. a6 h5
39. h4 Ke5 40. Kf3 Kf5 41. a7 Ke5 42. Kg2 Kf5 43. Rd8 Rxa7 44. Rd4 Ke5 45. f4+
1/2-1/2

[Event "SVK 3.liga A2"]
[Site "?"]
[Date "2020.02.02"]
[Round "8.5"]
[White "Rachela, Robert"]
[Black "Musaev, Matej Elbek"]
[Result "1/2-1/2"]
[WhiteElo "1831"]
[BlackElo "1742"]
[PlyCount "86"]
[EventDate "2019.10.06"]

1. e4 c5 2. f4 d6 3. Nf3 Nf6 4. Nc3 a6 5. a4 b6 6. Be2 Bb7 7. d3 g6 8. O-O Bg7
9. Bd2 Nbd7 10. Qe1 Qc7 11. Nh4 O-O-O 12. Nf3 e6 13. Ra3 Kb8 14. h3 Ng8 15. Nd1
h6 16. c3 f5 17. Nf2 Ne7 18. b4 fxe4 19. dxe4 c4 20. Nd4 Bxd4 21. cxd4 Nf6 22.
Bf3 Nh7 23. Rc3 d5 24. exd5 exd5 25. Qe5 Nf5 26. Qxc7+ Kxc7 27. Be3 Rhe8 28.
Ng4 Nh4 29. Ne5 Nf8 30. g3 Nf5 31. Kg2 Ne6 32. Rd1 Bc6 33. a5 bxa5 34. bxa5 Ba4
35. Rd2 h5 36. Bf2 Rg8 37. Ra2 Bb3 38. Rd2 g5 39. Nf7 Rd7 40. Ne5 Rdd8 41. fxg5
Nxg5 42. g4 hxg4 43. hxg4 Nh6 1/2-1/2

[Event "SVK 3.liga A2"]
[Site "?"]
[Date "2020.02.02"]
[Round "8.5"]
[White "Bardik, Jozef"]
[Black "Mezes, Kristof"]
[Result "1-0"]
[WhiteElo "1850"]
[BlackElo "1678"]
[PlyCount "109"]
[EventDate "2019.10.06"]

1. d4 e6 2. c4 d5 3. Nc3 f5 4. e3 c6 5. Bd2 Bd6 6. c5 Bc7 7. f4 Nf6 8. Nf3 O-O
9. Be2 Ne4 10. O-O Nd7 11. Nxe4 fxe4 12. Ne5 Nxe5 13. fxe5 Bd7 14. Qb3 b6 15.
Rxf8+ Qxf8 16. Bb4 b5 17. Rf1 Qb8 18. Be1 Qd8 19. Qd1 Qg5 20. Rf4 Rf8 21. Bh4
Qh6 22. Rxf8+ Kxf8 23. Qf1+ Kg8 24. Qf2 Ba5 25. Be7 g6 26. h4 Qg7 27. Bf6 Qh6
28. Qg3 Bd2 29. Kf2 Ba5 30. h5 Kf8 31. Bg5 Qg7 32. h6 Qf7+ 33. Kg1 a6 34. Bg4
Bc8 35. a3 Ke8 36. Qh4 Bd7 37. b4 Bc7 38. Bd1 Bc8 39. Bf6 Bd7 40. g4 Bc8 41. g5
Bd7 42. Qf2 Bc8 43. Qa2 Kd7 44. a4 Qe8 45. axb5 axb5 46. Qa8 Bd8 47. Qa7+ Bc7
48. Be2 Bb7 49. Qxb7 Qb8 50. Qa6 Qc8 51. Bxb5 Qxa6 52. Bxa6 Bb8 53. b5 Kc7 54.
Be7 Kd7 55. Bd6 1-0

[Event "SVK 3.liga A2"]
[Site "?"]
[Date "2020.02.02"]
[Round "8.6"]
[White "Liptak, Tomas"]
[Black "Babirat, Michal"]
[Result "1/2-1/2"]
[WhiteElo "2191"]
[BlackElo "1871"]
[PlyCount "115"]
[EventDate "2019.10.06"]

1. e4 c5 2. f4 d6 3. Nf3 Nc6 4. c3 Nf6 5. Bd3 e5 6. Bc2 exf4 7. d4 Bg4 8. Bxf4
cxd4 9. cxd4 Qb6 10. d5 Ne5 11. Qe2 Nfd7 12. Ba4 Be7 13. Be3 Qa5+ 14. Nc3 O-O
15. O-O Rac8 16. Qb5 Qxb5 17. Bxb5 a6 18. Be2 Nc4 19. Bd4 Bf6 20. Bxf6 Nxf6 21.
Rfc1 Rfe8 22. b3 Ne5 23. Kf1 Ned7 24. Nd2 Bxe2+ 25. Kxe2 Nc5 26. b4 Ncd7 27.
Kd3 Kf8 28. Kd4 Rc7 29. Nc4 Ke7 30. Na5 Rec8 31. Ne2 Nb6 32. Rxc7+ Rxc7 33. Rc1
Kd7 34. Rxc7+ Kxc7 35. Ng3 g6 36. Nf1 Ng4 37. h3 Ne5 38. Nd2 Nbd7 39. Nac4 Nxc4
40. Nxc4 f6 41. Ke3 Nb6 42. Na3 Na4 43. Kd2 Nb6 44. Kc3 Na4+ 45. Kb3 Nb6 46.
Nc2 f5 47. Kc3 fxe4 48. Kd4 Kd7 49. Kxe4 Ke7 50. g4 Kf6 51. h4 h6 52. Nd4 Nc4
53. Nf3 h5 54. g5+ Ke7 55. Kd4 Nb6 56. Ne1 Nd7 57. Nd3 Kd8 58. Ke4 1/2-1/2

[Event "SVK 3.liga A2"]
[Site "?"]
[Date "2020.02.02"]
[Round "8.6"]
[White "Holicky, Miroslav"]
[Black "Liptak, Dusan"]
[Result "0-1"]
[WhiteElo "1778"]
[BlackElo "2142"]
[PlyCount "66"]
[EventDate "2019.10.06"]

1. d4 Nf6 2. Nf3 g6 3. g3 Bg7 4. Bg2 O-O 5. O-O d6 6. Nbd2 c6 7. a4 a5 8. e4
Re8 9. Qe2 e5 10. dxe5 dxe5 11. Nc4 Qc7 12. b3 b5 13. axb5 cxb5 14. Na3 b4 15.
Nc4 Ba6 16. Nfd2 Nc6 17. Bb2 Bf8 18. h3 Bc5 19. Qd1 Bb5 20. Kh2 Nd7 21. Re1
Bxf2 22. Rf1 Bd4 23. Qf3 Nb6 24. c3 bxc3 25. Bxc3 Nxc4 26. Nxc4 a4 27. Qd3 axb3
28. Rxa8 Rxa8 29. Rb1 Bxc3 30. Qxc3 Nd4 31. Bf1 Ra2+ 32. Kh1 Rc2 33. Qb4 Bxc4
0-1

[Event "SVK 3.liga A2"]
[Site "?"]
[Date "2020.02.02"]
[Round "8.6"]
[White "Kovacocy, Pavel"]
[Black "Drahos, Miroslav"]
[Result "1-0"]
[WhiteElo "2299"]
[BlackElo "1702"]
[PlyCount "57"]
[EventDate "2019.10.06"]

1. e4 e5 2. Nf3 Nc6 3. Bc4 Nf6 4. d3 Be7 5. Bb3 d6 6. c3 Be6 7. Bc2 h6 8. Nbd2
Nb8 9. d4 Bg4 10. h3 Bxf3 11. Nxf3 Nbd7 12. O-O Nh7 13. Ba4 c6 14. Qe2 Qc7 15.
Rd1 O-O 16. Bb3 a5 17. a4 Rac8 18. Be3 b6 19. Rd2 c5 20. dxe5 dxe5 21. Rad1 Nb8
22. Qc4 Bf6 23. Qb5 Rcd8 24. Bd5 Rfe8 25. b4 axb4 26. cxb4 cxb4 27. Bxb6 Qd7
28. Bxd8 Qxb5 29. axb5 1-0

[Event "SVK 3.liga A2"]
[Site "?"]
[Date "2020.02.02"]
[Round "8.6"]
[White "Benkovsky, Peter"]
[Black "Puchart, Vladimir"]
[Result "0-1"]
[WhiteElo "1638"]
[BlackElo "2055"]
[PlyCount "64"]
[EventDate "2019.10.06"]

1. d4 Nf6 2. c4 e5 3. dxe5 Ng4 4. Nf3 Bc5 5. e3 Nc6 6. a3 a5 7. Nc3 Ngxe5 8.
Ne4 Be7 9. Be2 d6 10. b3 Bf5 11. Ng3 Nxf3+ 12. Bxf3 Bf6 13. Ra2 Be6 14. Bd5 O-O
15. O-O Ne5 16. f4 Nd7 17. Ne4 Bf5 18. g4 Bxe4 19. Bxe4 Nc5 20. Qc2 g6 21. g5
Bg7 22. h4 Qe7 23. Bf3 c6 24. h5 Rfe8 25. hxg6 fxg6 26. Qd1 a4 27. b4 Nb3 28.
Re2 Qe6 29. Qd3 Rad8 30. Rd1 Qh3 31. Bg2 Qg3 32. e4 Qxd3 0-1

[Event "SVK 3.liga A2"]
[Site "?"]
[Date "2020.02.02"]
[Round "8.6"]
[White "Vagovsky, Jozef"]
[Black "Kosticky, Simon"]
[Result "1/2-1/2"]
[WhiteElo "1782"]
[BlackElo "1863"]
[PlyCount "36"]
[EventDate "2019.10.06"]

1. d4 Nf6 2. c4 e6 3. Nc3 d5 4. Bg5 Be7 5. e3 dxc4 6. Bxc4 a6 7. Rc1 b5 8. Be2
Nbd7 9. Bf3 Rb8 10. Nge2 Bb7 11. Bxb7 Rxb7 12. O-O O-O 13. Qc2 c5 14. Ne4 c4
15. N2c3 h6 16. Nxf6+ Bxf6 17. Bxf6 Nxf6 18. Rfd1 Rd7 1/2-1/2

[Event "SVK 3.liga A2"]
[Site "?"]
[Date "2020.02.02"]
[Round "8.6"]
[White "Nemcovic, Peter"]
[Black "Hornak, Pavol"]
[Result "1-0"]
[WhiteElo "1614"]
[BlackElo "1741"]
[PlyCount "75"]
[EventDate "2019.10.06"]

1. d4 Nf6 2. c4 g6 3. Nc3 Bg7 4. e4 d6 5. Bd3 O-O 6. Nge2 Nbd7 7. f4 e5 8. fxe5
dxe5 9. d5 Nc5 10. Bc2 Bg4 11. Bg5 Qc8 12. O-O Nfd7 13. b4 Na6 14. Rb1 c5 15.
b5 Nc7 16. Be7 Re8 17. d6 Ne6 18. Nd5 Nd4 19. Bd3 Be6 20. Nc7 Rxe7 21. Nxa8 Re8
22. Nc7 Rd8 23. Nc3 Nb6 24. Nxe6 Qxe6 25. Nd5 Rxd6 26. a4 Nd7 27. Rb2 Nf8 28.
Rbf2 f5 29. exf5 Nxf5 30. Bxf5 gxf5 31. Rxf5 Ng6 32. Qe1 Nf4 33. Rg5 Nxd5 34.
cxd5 Qxd5 35. Qg3 Qd4+ 36. Kh1 e4 37. Rxg7+ Qxg7 38. Qxd6 1-0

[Event "SVK 3.liga A2"]
[Site "?"]
[Date "2020.02.02"]
[Round "8.6"]
[White "Stefik, Miroslav"]
[Black "Fajnor, Dusan"]
[Result "1-0"]
[WhiteElo "1628"]
[BlackElo "1610"]
[PlyCount "83"]
[EventDate "2019.10.06"]

1. e4 c6 2. d4 d5 3. exd5 cxd5 4. Nf3 Nf6 5. Nc3 e6 6. Bf4 Bb4 7. Bd2 Nc6 8.
Bd3 O-O 9. O-O a6 10. Ne2 b5 11. c3 Bd6 12. Bg5 h6 13. Bh4 Be7 14. h3 Bb7 15.
Nh2 Rc8 16. Bg3 Nh5 17. Ng4 Nxg3 18. Nxg3 f5 19. Nh2 Bd6 20. Nf3 Qf6 21. Qe2
Rce8 22. Nh5 Qf7 23. Ne5 Nxe5 24. dxe5 Bc5 25. Kh1 Re7 26. b4 Bb6 27. a4 a5 28.
Bxb5 Rc8 29. Ba6 Rxc3 30. Bxb7 Rxb7 31. bxa5 Bxa5 32. Rab1 Rxb1 33. Rxb1 Rc4
34. Rb8+ Kh7 35. f4 Qa7 36. Rb1 Rxa4 37. Nf6+ gxf6 38. exf6 Re4 39. Qh5 Bb4 40.
Qe8 Bd6 41. f7 Kg6 42. f8=Q+ 1-0

[Event "SVK 3.liga A2"]
[Site "?"]
[Date "2020.02.02"]
[Round "8.6"]
[White "Moravec, Milan"]
[Black "Prigoda, Lubos"]
[Result "1-0"]
[WhiteElo "1604"]
[BlackElo "1452"]
[PlyCount "85"]
[EventDate "2019.10.06"]
[BlackTeam "ŠK Cífer B"]

1. d4 Nf6 2. c4 e6 3. Nc3 b6 4. Bg5 h6 5. Bh4 Be7 6. e3 Bb7 7. Nf3 Ne4 8. Bxe7
Qxe7 9. Nxe4 Bxe4 10. a3 d5 11. cxd5 Bxd5 12. Bb5+ Bc6 13. Bxc6+ Nxc6 14. Qa4
Qd7 15. Rc1 Ne7 16. Qxd7+ Kxd7 17. Ne5+ Kc8 18. Nxf7 Rf8 19. Ne5 Kb7 20. O-O
Rac8 21. Rc2 c5 22. dxc5 Rxc5 23. Rxc5 bxc5 24. Nd7 Rc8 25. Rc1 c4 26. Ne5 Rc5
27. Nxc4 Ka6 28. b3 Nc6 29. Rd1 Rd5 30. Rxd5 exd5 31. Nd2 Kb5 32. Kf1 a5 33.
Ke2 Kc5 34. Nf3 Kd6 35. Nd4 Ne5 36. Nf5+ Kc5 37. Nxg7 Ng4 38. Nf5 h5 39. h3 Nf6
40. f3 Kc6 41. g4 hxg4 42. hxg4 Kd7 43. Kd3 1-0

[Event "SVK 3.liga A2"]
[Site "?"]
[Date "2020.03.01"]
[Round "9.1"]
[White "Babirat, Michal"]
[Black "Kavon, Rastislav"]
[Result "0-1"]
[WhiteElo "1878"]
[BlackElo "2133"]
[PlyCount "28"]
[EventDate "2019.10.06"]

1. c4 Nf6 2. Nc3 g6 3. e4 d6 4. d4 Bg7 5. Be3 O-O 6. f3 e5 7. Nge2 Nc6 8. d5
Ne7 9. Ng3 Ne8 10. Bd3 f5 11. exf5 Nxf5 12. Nxf5 gxf5 13. Qd2 a6 14. Bh6 Qh4+
0-1

[Event "SVK 3.liga A2"]
[Site "?"]
[Date "2020.03.01"]
[Round "9.1"]
[White "Sekera, Branislav"]
[Black "Holicky, Miroslav"]
[Result "0-1"]
[WhiteElo "2087"]
[BlackElo "1776"]
[PlyCount "36"]
[EventDate "2019.10.06"]

1. Nf3 d5 2. g3 Nf6 3. Bg2 e6 4. O-O Nbd7 5. d3 b5 6. Nbd2 Bb7 7. Re1 Be7 8.
Nf1 O-O 9. h4 e5 10. N1h2 c5 11. Bg5 Qc7 12. Rf1 Rfe8 13. Qc1 a5 14. g4 Bd6 15.
Bxf6 Nxf6 16. g5 Nh5 17. Ne1 Nf4 18. Ng4 Nxe2+ 0-1

[Event "SVK 3.liga A2"]
[Site "?"]
[Date "2020.03.01"]
[Round "9.1"]
[White "Suchan, Jozef"]
[Black "Skreko, Igor"]
[Result "0-1"]
[WhiteElo "1720"]
[BlackElo "1748"]
[PlyCount "59"]
[EventDate "2019.10.06"]

1. d4 Nf6 2. c4 g6 3. e3 Bg7 4. Nf3 O-O 5. Be2 d6 6. O-O Nbd7 7. Nc3 e5 8. b3
Ne8 9. Bb2 c6 10. dxe5 dxe5 11. Qc2 Nc7 12. Rad1 f5 13. e4 f4 14. Rd2 Qe7 15.
Rfd1 g5 16. h3 h5 17. Nh2 Nf6 18. a3 g4 19. hxg4 hxg4 20. f3 g3 21. Ng4 Nxg4
22. fxg4 Qh4 23. Bf3 Bxg4 24. Na4 Qh2+ 25. Kf1 Bxf3 26. gxf3 Qh1+ 27. Ke2 Qg2+
28. Ke1 Qg1+ 29. Ke2 Qf2+ 30. Kd3 0-1

[Event "SVK 3.liga A2"]
[Site "?"]
[Date "2020.03.01"]
[Round "9.1"]
[White "Capanda, Jan"]
[Black "Drahos, Miroslav"]
[Result "1-0"]
[WhiteElo "1882"]
[BlackElo "1700"]
[PlyCount "35"]
[EventDate "2019.10.06"]

1. e4 e5 2. Nf3 Nc6 3. Bc4 Nf6 4. d3 Be7 5. Nc3 d6 6. a3 Be6 7. Nd5 a6 8. h3
O-O 9. O-O h6 10. Nh2 Na5 11. Ba2 c5 12. f4 Nxd5 13. exd5 Bxh3 14. gxh3 b5 15.
Qh5 Kh7 16. fxe5 dxe5 17. Ng4 f6 18. Bxh6 1-0

[Event "SVK 3.liga A2"]
[Site "?"]
[Date "2020.03.01"]
[Round "9.1"]
[White "Benkovsky, Peter"]
[Black "Lopatievov, Alexander"]
[Result "0-1"]
[WhiteElo "1636"]
[BlackElo "1866"]
[PlyCount "42"]
[EventDate "2019.10.06"]

1. d4 c6 2. c4 d5 3. Nc3 Nf6 4. Nf3 g6 5. e3 Bg7 6. cxd5 cxd5 7. Bb5+ Bd7 8.
Qb3 O-O 9. Bxd7 Qxd7 10. Ne5 Qc7 11. Nxd5 Nxd5 12. Qxd5 e6 13. Qb3 Bxe5 14.
dxe5 Nc6 15. f4 Rfd8 16. O-O Na5 17. Qb5 Rd5 18. Qe2 Rad8 19. b3 Qc5 20. Bb2
Rd2 21. Bd4 Qxd4 0-1

[Event "SVK 3.liga A2"]
[Site "?"]
[Date "2020.03.01"]
[Round "9.1"]
[White "Zarecky, Eduard"]
[Black "Kosticky, Simon"]
[Result "0-1"]
[WhiteElo "1777"]
[BlackElo "1858"]
[PlyCount "64"]
[EventDate "2019.10.06"]

1. d4 Nf6 2. c4 e6 3. Nc3 d5 4. Nf3 Be7 5. c5 O-O 6. e3 Re8 7. Be2 Bf8 8. O-O
Nc6 9. a3 e5 10. dxe5 Nxe5 11. b4 a5 12. Bb2 c6 13. Qc2 Nxf3+ 14. Bxf3 Bg4 15.
Bxg4 Nxg4 16. h3 Ne5 17. Ne2 Nc4 18. Bd4 Qg5 19. Qc3 Re6 20. f4 Qh4 21. Rf3 Be7
22. f5 Re4 23. Ng3 Rxd4 24. Qxd4 Qxd4 25. exd4 Bf6 26. Ne2 axb4 27. a4 Re8 28.
Kf2 Nd2 29. Rd3 Ne4+ 30. Kf1 Nxc5 31. Rf3 Ne4 32. Rb1 Nd2+ 0-1